[Event "59th BRA-ch Women 2020"]
[Site "Rio de Janeiro"]
[Date "2020.01.18"]
[Round "3.4"]
[White "Terao, Juliana Sayumi"]
[Black "Alboredo, Julia"]
[Result "1-0"]
[WhiteElo "2232"]
[BlackElo "2190"]
[Annotator "ChessBase"]
[PlyCount "61"]
[EventDate "2020.01.11"]
[EventType "k.o."]
[EventCountry "BRA"]
[SourceTitle "playchess.com"]
[Source "ChessBase"]
[SourceQuality "1"]
[TimeControl "40/5400+30:1800+30"]

1. e4 {[%emt 0:00:00]} c5 {[%emt 0:00:00]} 2. c4 {[%emt 0:00:00]} Nc6 {[%emt 0:04:35]} 3. Ne2 {[%emt 0:00:00]} e5 {[%emt 0:05:55]} 4. g3 {[%emt 0:00:41]} g6 {[%emt 0:02:40]} 5. Bg2 {[%emt 0:00:07]} Bg7 {[%emt 0:00:09]} 6. d3 {[%emt 0:00:20]} Nge7 {[%emt 0:00:32]} 7. Nbc3 {[%emt 0:00:29]} O-O {[%emt 0:00:39]} 8. O-O {[%emt 0:00:06]} d6 {[%emt 0:00:12]} 9. Rb1 {[%emt 0:00:22]} Be6 {[%emt 0:03:08]} 10. a3 {[%emt 0:00:56]} Qd7 {[%emt 0:04:52]} 11. b4 {[%emt 0:01:25]} Nd8 {[%emt 0:02:44]} 12. Be3 {[%emt 0:02:35]} Rc8 {[%emt 0:00:58]} 13. Qd2 {[%emt 0:03:20]} f5 {[%emt 0:03:32]} 14. bxc5 {[%emt 0:07:00]} dxc5 {[%emt 0:00:17]} 15. Nd5 {[%emt 0:00:22]} b6 {[%emt 0:03:28]} 16. Rfe1 {[%emt 0:05:17]} Nf7 {[%emt 0:03:53]} 17. Nec3 {[%emt 0:04:33]} Nc6 {[%emt 0:01:45]} 18. a4 {[%emt 0:06:32]} Nd6 {[%emt 0:03:38]} 19. Nb5 {[%emt 0:13:54]} Bxd5 {[%emt 0:13:14]} 20. exd5 {[%emt 0:00:21]} Nb4 {[%emt 0:01:27]} 21. f4 {[%emt 0:04:49]} a6 {[%emt 0:07:43]} 22. Nxd6 {[%emt 0:02:19]} Qxd6 {[%emt 0:00:07]} 23. Kh1 {[%emt 0:00:59]} a5 {[%emt 0:01:33]} 24. Re2 {[%emt 0:02:16]} Rfe8 {[%emt 0:02:02]} 25. Rbe1 {[%emt 0:01:21]} Kf7 {[%emt 0:03:28]} 26. fxe5 {[%emt 0:02:30]} Bxe5 {[%emt 0:00:17]} 27. Bg5 {[%emt 0:00:16]} Na6 {[%emt 0:03:17]} 28. Bf3 {[%emt 0:07:27]} Nb8 {[%emt 0:01:25]} 29. g4 {[%emt 0:00:48]} f4 {[%emt 0:01:43]} 30. Rxe5 {[%emt 0:00:22]} Rxe5 {[%emt 0:00:12]} 31. Qxf4+ {[%emt 0:00:17]} 1-0